000 00418nam a2200181Ia 4500
001 10437
005 20260306161832.0
008 260306t1980||||xx |||||||||||||| ||spa||
041 _aESP
082 _a928.985
_bB29
100 _aBazán, Armando
_eAUT
245 0 _aMariátegui y su tiempo
260 _c1980
300 _a239 páginas :
_c17 cm.
650 _aGEN
654 _aCHU
942 _cLIB
_dJUS
_fJUS
_2ddc
_n
999 _c10437
_d10437